000 00627nam a2200241Ia 4500
003 OSt
005 20220924121700.0
006 a|||||r|||| 00| 0
007 ta
008 220923b |||||||| |||| 00| 0 urd d
020 _c125
024 _a314713
037 _cTextual
040 _aARTS
_cARTS
_burd
041 _2urd
_aurd
082 _aO168,1N39x, N1
100 _aMohsim Aazam Mohsin
_9186897
245 0 _aWijdaan
260 _aKarachi
_bAdbi Daira Pakistan
_c1991
650 _aURDU POETRY
942 _hO168,1N39x, N1
_cTEXL
_2CC
999 _c408587
_d408587